000 00296nam a22001337a 4500
008 170808b xxu||||| |||| 00| 0 eng d
020 _a9780077331214
041 _aeng
080 _a004
100 _a34
101 _aSHK
245 _aMICROSOFT OFFICE EXCEL 2010
_cSTEWART,K
942 _2udc
_cBK
999 _c22873
_d22873